00696nam a2200205Ia 4500008004100000100001600041245012500057260001100182300002000193440004100213521000900254650002700263650002900290650001300319650001600332650003200348942000700380999001900387952008400406140626s9999 xx 000 0 und d aSau-lai, J. aMassage as theraphy for persons with intellectual disabilities :b a review of the literature /cJ Sau-lai ... [et al.]. cc2011. a15 : 1, page 47 aJournal of Intellectual Disabilities aSPED aChallenging behaviors. aIntellectual disability. aMassage. aRelaxation. aSelf-stimulating behaviors. cSE c120961d120961 001040aCLbCLcPERd2014-06-26l0pS0069r2014-06-26 00:00:00w2014-06-26ySE